[Event "EOC-ch Playoff-A 2021"]
[Site "Online"]
[Date "2021.03.29"]
[Round "3.9"]
[White "Banusz, Tamas"]
[Black "Mikhalevski, Victor"]
[Result "1/2-1/2"]
[WhiteElo "2631"]
[BlackElo "2552"]
[Annotator "TA"]
[PlyCount "83"]
[EventDate "2021.03.29"]
[EventType "team-tourn"]
[EventCountry "NET"]
[SourceTitle "playchess.com"]
[Source "ChessBase"]
[SourceQuality "1"]

{[%evp 15,83,8,25,0,4,0,13,12,27,14,27,17,21,0,0,0,6,0,18,16,25,10,11,20,25,5,4,10,58,26,38,29,22,19,19,18,24,27,39,20,31,12,15,8,20,20,17,16,20,8,23,-630,0,5,5,0,0,0,2,2,6,0,2,5,8,0,0,0,0,0]} 1. Nf3 Nf6 2. g3 g6 3. Bg2 Bg7 4. O-O O-O 5. d4 d5 6. c4 c6 7. Ne5 Ng4 8. cxd5 $1 {[%mdl 4] is more profitable than 8.Nxg4 at the moment.} cxd5 9. Bf4 {D79: Fianchetto Grünfeld: Symmetrical Variation (6 0-0 c6 7 cxd5 cxd5).} Nc6 {[%cal Rg4e5]} 10. Nxc6 bxc6 11. h3 {[#]} e5 $146 ({Predecessor:} 11... Nf6 12. Nc3 Nd7 13. Na4 Ba6 14. Rc1 Qa5 15. b3 Rfc8 16. Re1 Qb4 17. e3 Bb5 18. Nc3 e6 19. Nxb5 Qxb5 20. Bf1 {½-½ (40) Dragun,K (2565)-Sheng,J (2474) Charlotte 2020}) 12. Bc1 Nf6 13. dxe5 Ne4 14. Qc2 Bxe5 15. Qxc6 Be6 16. Bxe4 {[#] Hoping for Bg2.} dxe4 17. Qxe4 Qf6 18. Nc3 Bxc3 19. bxc3 Bxh3 20. Rd1 (20. Re1 {with more complications.} Rfe8 21. Qf4 Qxc3 22. Be3 Qe5 23. Qh4) 20... Rfe8 21. Qf3 Qxf3 (21... Qe6 {seems wilder.} 22. Be3 Bg4 23. Qf4 Bxe2 24. Rd4 Qe5) 22. exf3 Rac8 23. Be3 Rxc3 24. Bxa7 Rxf3 25. a4 {[%cal Ba2a4,Ba4a5][%mdl 32]} Rf5 26. a5 {Strongly threatening a6.} Bg4 27. Rd3 {Threatening a6.} Be2 28. Rc3 Ba6 29. Be3 g5 30. g4 Rb5 31. Kh2 Kg7 32. Kg3 Re6 33. Rc5 $2 {[%mdl 8192] [#]} (33. Rd1 $11) 33... Rxc5 $2 (33... Rxe3+ $1 $19 {[%mdl 512]} 34. fxe3 Rxc5) 34. Bxc5 $19 {[%mdl 4096] Endgame KRB-KRB. The position is equal.} Kg6 35. Rd1 h5 36. gxh5+ Kxh5 37. f4 Kg6 38. Rd5 {f5+ is the strong threat.} gxf4+ 39. Kxf4 f5 40. Rxf5 Rf6 41. Rxf6+ Kxf6 42. Bd4+ {Weighted Error Value: White=0.31/Black=0.23} 1/2-1/2

[Event "EOC-ch Playoff-A 2021"]
[Site "Online"]
[Date "2021.03.29"]
[Round "3.10"]
[White "Postny, Evgeny"]
[Black "Braun, Arik"]
[Result "1/2-1/2"]
[WhiteElo "2605"]
[BlackElo "2609"]
[Annotator "TA"]
[PlyCount "88"]
[EventDate "2021.03.29"]
[EventType "team-tourn"]
[EventCountry "NET"]
[SourceTitle "playchess.com"]
[Source "ChessBase"]
[SourceQuality "1"]

{[%evp 13,88,17,16,14,23,16,16,0,6,-16,9,-10,7,0,8,0,0,-45,-26,-33,-27,-34,-34,-30,-46,-51,-67,-72,-51,-62,-16,-19,-17,-6,-11,-43,-44,-48,-36,-36,-36,-38,-36,-49,-25,-25,-25,-42,-23,-33,-24,-38,0,-33,0,0,2,2,2,2,2,9,29,0,0,0,9,0,0,0,0,0,0,0,4,4,4]} 1. d4 Nf6 2. c4 e6 3. Nf3 d5 4. g3 Bb4+ 5. Bd2 Bd6 6. Bg2 O-O 7. Qc2 c6 {7...Nbd7 gains popularity.} 8. O-O {D30: Queen's Gambit Declined: Systems without Nc3.} Ne4 9. Nc3 {[%cal Bb1c3,Bc3e2,Be2f4][%mdl 32]} f5 {[#]} 10. e3 $146 ({Predecessor:} 10. Bf4 Bxf4 11. gxf4 Nd7 12. Rad1 Kh8 13. e3 Qe7 14. Kh1 h6 15. Rg1 g5 16. fxg5 hxg5 {0-1 (37) Anton,T (2464)-Kuzubov,Y (2643) chess.com INT 2020}) 10... Nd7 11. Ne2 g5 12. Ne1 Qf6 13. Bc1 g4 14. Nd3 h5 15. Nef4 h4 16. b3 Rf7 17. Bb2 Rh7 18. Rfd1 Qh6 19. Kf1 Ndf6 20. Ne5 Bd7 21. Ke2 Nh5 22. Rg1 Be8 23. Bxe4 {[#] Threatens to win with Bd3.} dxe4 24. Nxh5 Bxh5 25. Rad1 Re8 26. Qc3 Qf8 27. a3 $1 Rd8 28. Rd2 hxg3 29. hxg3 Be8 ({Of course not} 29... Bxa3 $6 30. Bxa3 Qxa3 31. Ra1 $16) 30. Rgd1 Rh2 31. b4 Qh6 32. Rg1 Rh1 33. Qc1 (33. Rxh1 {looks sharper.} Qxh1 34. d5 cxd5 35. Nf7 Qf3+ 36. Ke1) 33... Rxg1 (33... Rh3 {is more complex.} 34. Kd1 Qg7 35. c5 Bc7 36. Qc3 Rd5) 34. Qxg1 a5 (34... Qh3 {with more complications.} 35. Bc3 a5 36. bxa5 Bxe5 37. dxe5 Rxd2+ 38. Kxd2 c5) 35. bxa5 Bxe5 36. dxe5 Rxd2+ 37. Kxd2 Qg7 38. Bd4 Qc7 {The position is equal.} 39. Qb1 Qxa5+ 40. Bc3 Qd8+ 41. Ke1 b6 42. c5 b5 43. Qd1 Qxd1+ 44. Kxd1 Kf7 {Weighted Error Value: White=0.08/Black=0.07} 1/2-1/2

[Event "EOC-ch Playoff-A 2021"]
[Site "Online"]
[Date "2021.03.29"]
[Round "3.11"]
[White "Wagner, Dennis"]
[Black "Steinberg, Nitzan"]
[Result "1-0"]
[WhiteElo "2581"]
[BlackElo "2553"]
[Annotator "ChessBase"]
[PlyCount "95"]
[EventDate "2021.03.29"]
[EventType "team-tourn"]
[EventCountry "NET"]
[SourceTitle "playchess.com"]
[Source "ChessBase"]
[SourceQuality "1"]
[TimeControl "900+5"]

1. e4 {[%emt 0:00:00]} c5 {[%emt 0:00:02]} 2. Nf3 {[%emt 0:00:02]} d6 {[%emt 0:00:01]} 3. Bb5+ {[%emt 0:00:01]} Bd7 {[%emt 0:00:02]} 4. c4 {[%emt 0:00:03]} g6 {[%emt 0:00:03]} 5. d4 {[%emt 0:00:02]} cxd4 {[%emt 0:00:05]} 6. Nxd4 {[%emt 0:00:03]} Nf6 {[%emt 0:00:05]} 7. Nc3 {[%emt 0:00:01]} Bg7 {[%emt 0:00:02]} 8. Be3 {[%emt 0:00:05]} O-O {[%emt 0:00:02]} 9. Bxd7 {[%emt 0:00:03]} Nbxd7 {[%emt 0:00:42]} 10. O-O {[%emt 0:00:09]} a6 {[%emt 0:00:17]} 11. Rc1 {[%emt 0:00:22]} Rc8 {[%emt 0:00:02]} 12. b3 {[%emt 0:00:02]} Qa5 {[%emt 0:01:02]} 13. Qe2 {[%emt 0:04:04]} e6 {[%emt 0:00:42]} 14. Bd2 {[%emt 0:01:42]} Rfe8 {[%emt 0:01:47]} 15. Rfd1 {[%emt 0:00:46]} Qe5 {[%emt 0:01:50]} 16. Nf3 {[%emt 0:02:47]} Qh5 {[%emt 0:00:03]} 17. h3 {[%emt 0:00:05]} Ne5 {[%emt 0:01:08]} 18. Nxe5 {[%emt 0:00:28]} Qxe2 {[%emt 0:02:16]} 19. Nxe2 {[%emt 0:00:00]} dxe5 {[%emt 0:00:02]} 20. f3 {[%emt 0:00:16]} Bf8 {[%emt 0:00:28]} 21. b4 {[%emt 0:00:23]} Rc7 {[%emt 0:01:21]} 22. Bc3 {[%emt 0:01:51]} Nd7 {[%emt 0:00:23]} 23. Rd3 {[%emt 0:00:09]} f6 {[%emt 0:00:20]} 24. c5 {[%emt 0:00:27]} b6 {[%emt 0:01:30]} 25. Rcd1 {[%emt 0:00:03]} Re7 {[%emt 0:00:02]} 26. Rd6 {[%emt 0:00:38]} bxc5 {[%emt 0:00:36]} 27. Rxa6 {[%emt 0:00:02]} Rb7 {[%emt 0:00:11]} 28. bxc5 {[%emt 0:00:46]} Nxc5 {[%emt 0:00:02]} 29. Ra8 {[%emt 0:00:03]} Kf7 {[%emt 0:00:02]} 30. a4 {[%emt 0:00:29]} Ra7 {[%emt 0:00:20]} 31. Rdd8 {[%emt 0:00:02]} Bh6 {[%emt 0:00:41]} 32. a5 {[%emt 0:00:03]} Be3+ {[%emt 0:00:39]} 33. Kh2 {[%emt 0:00:02]} Reb7 {[%emt 0:00:07]} 34. h4 {[%emt 0:00:38]} Na6 {[%emt 0:00:33]} 35. Rf8+ {[%emt 0:00:08]} Kg7 {[%emt 0:00:02]} 36. Rg8+ {[%emt 0:00:01]} Kh6 {[%emt 0:00:04]} 37. Raf8 {[%emt 0:00:02]} Rf7 {[%emt 0:00:07]} 38. Rxf7 {[%emt 0:00:11]} Rxf7 {[%emt 0:00:02]} 39. g4 {[%emt 0:00:03]} Ra7 {[%emt 0:00:23]} 40. Kg3 {[%emt 0:00:08]} Nc5 {[%emt 0:00:08]} 41. g5+ {[%emt 0:00:58]} fxg5 {[%emt 0:00:02]} 42. Bxe5 {[%emt 0:00:03]} Rxa5 {[%emt 0:00:07]} 43. Kg4 {[%emt 0:00:08]} Ra7 {[%emt 0:00:05]} 44. Bd6 {[%emt 0:00:12]} Nd7 {[%emt 0:00:04]} 45. hxg5+ {[%emt 0:00:07]} Bxg5 {[%emt 0:00:02]} 46. Kh3 {[%emt 0:00:04]} Nf6 {[%emt 0:00:03]} 47. Bf8+ {[%emt 0:00:03]} Kh5 {[%emt 0:00:03]} 48. Ng3# {[%emt 0:00:02]} 1-0

[Event "EOC-ch Playoff-A 2021"]
[Site "Online"]
[Date "2021.03.29"]
[Round "3.12"]
[White "Huzman, Alexander"]
[Black "Buhmann, Rainer"]
[Result "1/2-1/2"]
[WhiteElo "2561"]
[BlackElo "2580"]
[Annotator "ChessBase"]
[PlyCount "119"]
[EventDate "2021.03.29"]
[EventType "team-tourn"]
[EventCountry "NET"]
[SourceTitle "playchess.com"]
[Source "ChessBase"]
[SourceQuality "1"]
[TimeControl "900+5"]

1. Nf3 {[%emt 0:00:00]} d5 {[%emt 0:00:02]} 2. g3 {[%emt 0:00:05]} e6 {[%emt 0:00:01]} 3. Bg2 {[%emt 0:00:09]} Nf6 {[%emt 0:00:01]} 4. O-O {[%emt 0:00:04]} Be7 {[%emt 0:00:01]} 5. d4 {[%emt 0:00:14]} O-O {[%emt 0:00:01]} 6. c4 {[%emt 0:00:04]} c6 {[%emt 0:00:01]} 7. Qc2 {[%emt 0:00:02]} b6 {[%emt 0:00:01]} 8. Rd1 {[%emt 0:00:01]} Nbd7 {[%emt 0:00:04]} 9. b3 {[%emt 0:00:05]} Re8 {[%emt 0:00:02]} 10. a4 {[%emt 0:00:21]} a5 {[%emt 0:00:12]} 11. Bb2 {[%emt 0:01:39]} h6 {[%emt 0:00:08]} 12. Nc3 {[%emt 0:00:12]} Ba6 {[%emt 0:00:03]} 13. Nd2 {[%emt 0:00:03]} Qc7 {[%emt 0:00:32]} 14. Rac1 {[%emt 0:00:11]} Rac8 {[%emt 0:00:28]} 15. Qb1 {[%emt 0:00:08]} Qb8 {[%emt 0:00:17]} 16. e4 {[%emt 0:00:07]} dxc4 {[%emt 0:00:10]} 17. Nxc4 {[%emt 0:00:07]} Bxc4 {[%emt 0:00:11]} 18. bxc4 {[%emt 0:00:02]} e5 {[%emt 0:00:02]} 19. Ne2 {[%emt 0:00:11]} Bf8 {[%emt 0:00:37]} 20. h3 {[%emt 0:00:54]} exd4 {[%emt 0:00:10]} 21. Nxd4 {[%emt 0:00:05]} Nc5 {[%emt 0:00:20]} 22. e5 {[%emt 0:00:21]} Qxe5 {[%emt 0:00:27]} 23. Nxc6 {[%emt 0:00:59]} Qg5 {[%emt 0:00:48]} 24. h4 {[%emt 0:02:59]} Qg6 {[%emt 0:00:21]} 25. Qxg6 {[%emt 0:00:03]} fxg6 {[%emt 0:00:02]} 26. Ne5 {[%emt 0:00:03]} Kh7 {[%emt 0:02:24]} 27. Ra1 {[%emt 0:01:13]} Rc7 {[%emt 0:01:30]} 28. Bf3 {[%emt 0:00:18]} Nce4 {[%emt 0:01:24]} 29. Kg2 {[%emt 0:00:39]} Bd6 {[%emt 0:01:34]} 30. Bxe4 {[%emt 0:01:55]} Nxe4 {[%emt 0:00:57]} 31. f4 {[%emt 0:00:03]} Ree7 {[%emt 0:01:02]} 32. Rac1 {[%emt 0:00:17]} Rc8 {[%emt 0:01:10]} 33. Kf3 {[%emt 0:00:28]} Bxe5 {[%emt 0:00:02]} 34. Bxe5 {[%emt 0:00:08]} Nc5 {[%emt 0:00:01]} 35. Bd6 {[%emt 0:00:18]} Rf7 {[%emt 0:00:19]} 36. Bxc5 {[%emt 0:00:04]} Rxc5 {[%emt 0:00:01]} 37. Rd5 {[%emt 0:00:03]} Rc6 {[%emt 0:00:18]} 38. c5 {[%emt 0:00:24]} Rf5 {[%emt 0:00:50]} 39. Ke4 {[%emt 0:00:12]} bxc5 {[%emt 0:01:00]} 40. Rxf5 {[%emt 0:00:16]} gxf5+ {[%emt 0:00:02]} 41. Kd5 {[%emt 0:00:11]} Rb6 {[%emt 0:00:05]} 42. Rxc5 {[%emt 0:00:02]} Rb3 {[%emt 0:00:01]} 43. Rxa5 {[%emt 0:00:02]} Rxg3 {[%emt 0:00:13]} 44. Rb5 {[%emt 0:00:16]} Kg6 {[%emt 0:00:14]} 45. Kc6 {[%emt 0:00:08]} Ra3 {[%emt 0:00:20]} 46. a5 {[%emt 0:00:03]} Kh5 {[%emt 0:00:02]} 47. Rxf5+ {[%emt 0:00:07]} Kxh4 {[%emt 0:00:01]} 48. Kb6 {[%emt 0:00:06]} g5 {[%emt 0:00:05]} 49. a6 {[%emt 0:00:10]} g4 {[%emt 0:00:07]} 50. Rf8 {[%emt 0:00:43]} g3 {[%emt 0:00:16]} 51. Rg8 {[%emt 0:00:19]} Rb3+ {[%emt 0:00:02]} 52. Kc6 {[%emt 0:00:09]} Ra3 {[%emt 0:00:02]} 53. Kb5 {[%emt 0:00:19]} Rb3+ {[%emt 0:00:01]} 54. Ka4 {[%emt 0:00:15]} Rb1 {[%emt 0:00:01]} 55. f5 {[%emt 0:00:02]} Ra1+ {[%emt 0:00:02]} 56. Kb5 {[%emt 0:00:03]} Rb1+ {[%emt 0:00:00]} 57. Kc5 {[%emt 0:00:10]} Ra1 {[%emt 0:00:07]} 58. Kb5 {[%emt 0:00:14]} Rb1+ {[%emt 0:00:01]} 59. Kc5 {[%emt 0:00:13]} Ra1 {[%emt 0:00:02]} 60. Kb5 {[%emt 0:00:01]} 1/2-1/2

[Event "EOC-ch Playoff-A 2021"]
[Site "Online"]
[Date "2021.03.29"]
[Round "4.1"]
[White "Grandelius, Nils"]
[Black "Mikhalevski, Victor"]
[Result "1/2-1/2"]
[WhiteElo "2663"]
[BlackElo "2552"]
[Annotator "TA"]
[PlyCount "176"]
[EventDate "2021.03.29"]
[EventType "team-tourn"]
[EventCountry "NET"]
[SourceTitle "playchess.com"]
[Source "ChessBase"]
[SourceQuality "1"]

{[%evp 23,176,0,0,0,-20,0,0,0,0,0,71,80,77,78,149,137,148,138,146,145,196,196,232,229,211,201,197,199,238,263,337,337,335,335,459,440,433,127,126,126,126,126,126,126,133,128,128,77,83,32,107,0,0,0,0,0,0,-55,-47,-52,0,0,0,-55,0,0,0,0,0,0,0,0,0,-141,0,0,0,0,0,0,0,0,0,0,0,0,0,0,0,0,0,0,0,0,0,0,0,0,0,0,0,0,0,0,0,-20,-28,-196,-196,-196,-196,-196,-196,-371,-371,-4627,-196,-29977,-29978,-29978,-29975,-29975,-29976,-29978,-29976,-29976,-29977,-29982,-29981,-29981,-29980,-29982,-370,-29978,-29979,-29978,-29974,-29973,-29973,-29974,-29974,-29965,-248,-248,-248,-248,-248,-248,-248,-248,-248,-248,-248,-248,-203]} 1. e4 e5 2. Nf3 Nc6 3. Bb5 a6 4. Ba4 Nf6 5. O-O Nxe4 6. d4 b5 7. Bb3 d5 8. dxe5 Be6 9. c3 Bc5 10. Nbd2 O-O 11. Bc2 Nxf2 12. Rxf2 f6 13. Nf1 {[%cal Bd2f1,Bf1e3,Be3g4,Bg4e5][%mdl 32] Be3 is the strong threat. C82: Open Ruy Lopez: 9 c3 without 9...Be7.} Bxf2+ 14. Kxf2 fxe5 15. Kg1 {The position is equal.} Bg4 {Hoping for ...e4.} 16. Ne3 Bxf3 (16... Be6 $1 $11) 17. gxf3 $16 Ne7 18. Qd3 $36 {[%mdl 3072] White has strong compensation. Keeping Black busy.} g6 (18... e4 $142 19. fxe4 dxe4 20. Qxe4 Ng6) 19. Ng4 $1 {[#]} Nf5 $146 ({Predecessor:} 19... Qd6 20. Bh6 Rf5 21. Qe3 Rh5 22. Bg5 Rf8 23. f4 Nf5 24. Bxf5 gxf5 25. Nxe5 h6 {1-0 (49) Svedberg,H (2105)-Dolgov,M (2016) Sweden 2012}) 20. Nxe5 Qd6 21. f4 Qc5+ (21... c6 $16 {was called for.} 22. Bd2 c5) 22. Kh1 $18 d4 23. Bb3+ Kg7 24. cxd4 Qxd4 25. Bd2 $1 Qxd3 26. Nxd3 Rfd8 27. Bc3+ Nd4 28. Re1 Kf6 29. Re4 Kf5 30. Rxd4 (30. Re5+ $1 $18 Kf6 31. Bd5) 30... Rxd4 $16 31. Bxd4 Ke4 32. Be5 Kxd3 33. Bxc7 Rc8 34. Be5 Ke4 {Threatening ...g5.} 35. Kg2 (35. h4 $142) 35... g5 36. Kg3 (36. Bc3 $16 Kxf4 37. Bd2+ Kf5 38. Kg3) 36... Rc6 {[#]} (36... a5 $1 $14) 37. Bb8 ({White should play} 37. h4 $1 $16 {[%cal Rh4g5]} h6 38. h5 (38. hxg5 hxg5 39. Kg4 gxf4 $16)) 37... gxf4+ $11 38. Kf2 Rc8 39. Bd6 a5 40. Bd1 ({White should try} 40. h4 $11) 40... Rc1 $1 $15 {[%cal Rc1d1]} 41. Bf3+ Kf5 (41... Kd4 $1 $15 42. Bg4 (42. Bxf4 Rc2+ {[%mdl 64] Double Attack} 43. Be2 Rxb2 $17) 42... Rc2+ 43. Kf3 Rxb2) 42. Be2 $11 Ke4 43. Bf3+ (43. Bxb5 $11 Rc2+ {[%mdl 64] Double Attack} 44. Kg1) 43... Kf5 ({Better is} 43... Kd4 $1 $15 44. Bh5 (44. Bxf4 Rc2+ {[%mdl 64] Double Attack} 45. Be2 Rxb2 $15) 44... Rc2+ 45. Kf3 Rxb2) 44. Be2 {Threatens to win with Kf3.} Ke4 45. Bxb5 Rc2+ {[%mdl 64] Double Attack} 46. Kg1 $1 Rxb2 47. a4 Kf3 {And now ...Rb1+ would win.} 48. Bf1 (48. Bc6+ $11 {keeps the balance.} Ke3 49. Bc5+ Ke2 50. Bb5+ Kf3 51. Bc6+ Ke2 52. Bb5+ Kf3 53. Bc6+ Ke2) 48... Rb1 (48... Ra2 $17 {Strongly threatening ...Ra1.} 49. Bc5 Rxa4 50. Bg2+ Ke2 51. Bf1+ Kf3 52. Bg2+ Ke2 53. Bf1+ Kf3) 49. Bc7 Ra1 50. Bxa5 Rxa4 51. Bb6 Ra1 52. Bd4 Rd1 53. Bf2 h5 54. h3 Ra1 (54... Rd7 {with more complications.} 55. Bg2+ Ke2 56. Bf1+ Kf3) 55. Bd4 Ra2 56. Bc5 Kg3 57. Bd6 Ra1 (57... h4 {keeps more tension.} 58. Bb4 Ra1 59. Bc5 Ra2 60. Bd4 Rc2) 58. Be5 Re1 (58... Ra2 {looks sharper.} 59. Bc3 Ra7 60. Bd4 Ra2 61. Bc3) 59. Bc7 Re6 (59... Kf3 {is more complex.} 60. Bb6 Rc1 61. Bf2 Ke4 62. Kg2 f3+) 60. Ba5 Rg6 61. Be1+ Kf3+ 62. Kh2 Ke3 {White must now prevent ...f3.} 63. Bb4 Rc6 (63... Kf2 {feels hotter.} 64. Bc4 Rc6 65. Bd3 Rc7 66. Bd6 Rc3) 64. Kg1 f3 65. Be1 $2 (65. Kh2 $1 $11) 65... Rg6+ $19 66. Kh2 f2 67. Bb4 Rg1 68. Bc5+ $2 (68. Bc4) 68... Kf3 69. Bb5 $2 (69. Bc4 f1=Q 70. Bxf1 Rxf1 71. Bd6) 69... f1=Q $2 (69... Rg2+ 70. Kh1 Rg1+ 71. Kh2 Rg2+ 72. Kh1 Rg5 73. Bc6+ Kg3 74. Bxf2+ Kxf2) 70. Bc6+ $2 (70. Bxf1 $19 Rxf1 71. Bd6) 70... Kf4 71. Bxg1 Qe2+ 72. Bg2 Qd2 73. Kh1 Kg3 {[%csl Gg3][%cal Rd2g2]} 74. Bh2+ Kh4 75. Bg1 Qe1 76. Kh2 Qe5+ 77. Kh1 Kg5 $2 (77... Qf4 78. Bb7 Kxh3 79. Bc8+ Kh4 80. Kg2 Qe4+ 81. Kf2 Qc6 82. Ke2 Qxc8 83. Kd3 Qa6+ 84. Kd2 Qa2+ 85. Kc3 Qa1+ {[%mdl 64] Double Attack} 86. Kb4 Qxg1 87. Kc4 Kg4 88. Kd5 h4 89. Ke5 h3 90. Kf6 h2 91. Ke7 h1=Q 92. Kf6 Qc6+ 93. Ke7 Qa7+ 94. Kf8 Qc8#) 78. Bh2 $2 (78. Bf2 $19) 78... Qe1+ 79. Bg1 Kf4 80. Kh2 Qe2 81. Kh1 Kg3 {[%csl Gg3][%cal Re2g2]} 82. Bh2+ Kf2 $2 (82... Kh4 {mates} 83. Bc7 Qd2 84. Kh2 Kg5 85. Bb8 Qd4 86. Kh1 Qa1+ 87. Kh2 h4 88. Bc7 Qd4 89. Bf3 Qd2+ 90. Kg1 Qc1+ {[%mdl 64] Double Attack} 91. Kf2 Qxc7 92. Ke3 Qf4+ 93. Ke2 Qd4 94. Bh1 Kf4 95. Bc6 Qe3+ 96. Kd1 Qc3 97. Ke2 Qc2+ 98. Kf1 Qxc6 99. Kf2 Qc2+ 100. Kg1 Kg3 101. Kh1 Qh2#) 83. Bg1+ {[#]Black is clearly better.} Ke1 $1 84. Bh2 Qe3 85. Bg1 Qc1 86. Kh2 Ke2 87. Kh1 Qa1 88. Kh2 Qe5+ {What a bad dream for White.  Weighted Error Value: White=0.22/Black=0.19} 1/2-1/2

[Event "EOC-ch Playoff-A 2021"]
[Site "Online"]
[Date "2021.03.29"]
[Round "4.3"]
[White "Heinemann, Thies"]
[Black "Postny, Evgeny"]
[Result "0-1"]
[WhiteElo "2502"]
[BlackElo "2605"]
[Annotator "TA"]
[PlyCount "124"]
[EventDate "2021.03.29"]
[EventType "team-tourn"]
[EventCountry "NET"]
[SourceTitle "playchess.com"]
[Source "ChessBase"]
[SourceQuality "1"]

{[%evp 25,124,30,33,0,3,-14,0,0,0,-5,13,7,29,14,36,37,34,14,16,14,14,14,16,18,48,32,24,7,18,10,14,0,0,0,0,0,0,0,0,-16,0,-21,-21,-22,-18,-29,-30,-82,0,0,-8,-60,-55,-512,-207,-333,0,0,0,0,0,0,0,0,-8,-1025,-592,-4618,-5395,-29973,-29974,-29977,-29978,-29978,-29979,-29979,-29980,-29980,-29981,-29981,-29982,-29982,-29983,-29983,-29984,-29984,-29985,-29985,-29986,-29986,-29987,-29987,-29987,-29987,-29987,-29987,-29988,-29988,-29989,-29989,-29990]} 1. e4 e5 2. Nf3 Nc6 3. Bb5 a6 4. Bxc6 dxc6 5. O-O f6 6. d4 exd4 7. Nxd4 c5 8. Ne2 Qxd1 9. Rxd1 Bd7 10. Nbc3 O-O-O 11. Be3 b6 12. Rd2 Ne7 13. Rad1 Ng6 $5 {[%mdl 4] Leaves trodden paths.} 14. Nf4 {C69: Ruy Lopez: Exchange Variation with 5 0-0 f6.} Bd6 15. Ncd5 {[#]} Kb7 $146 ({Predecessor:} 15... Nxf4 16. Nxb6+ cxb6 17. Rxd6 Ne2+ 18. Kf1 Nd4 19. c4 Bg4 20. Rxd8+ Rxd8 21. f3 Be6 22. b3 Nc2 23. Rxd8+ Kxd8 24. Bd2 b5 {0-1 (24) Ahmed,I (2079)-Nadig,K (2198) Abu Dhabi 2005}) 16. Nxg6 {The position is equal.} hxg6 17. Bf4 Bc6 18. f3 Rhe8 19. Kf2 a5 20. Bxd6 Rxd6 21. Nf4 Rxd2+ 22. Rxd2 $11 {[%mdl 4096] Endgame KRB-KRN} g5 23. Nh5 Rg8 24. a3 b5 25. Ng3 g6 26. Nf1 f5 27. exf5 gxf5 28. Ne3 Rf8 29. c3 Kb6 30. Nd5+ Bxd5 31. Rxd5 {KR-KR} Kc6 $1 {[%cal Rc6d5]} 32. Rd2 b4 33. axb4 cxb4 34. cxb4 axb4 35. f4 g4 36. Kg3 {[#]} (36. h4 $11 {keeps the balance.}) 36... Kb5 $1 $17 {Threatens to win with ...Kc4.} 37. Kh4 $1 c5 38. Kg5 (38. b3 $1 $11) 38... c4 $1 $15 39. Rc2 $2 {[%mdl 8192]} (39. Re2 $1 $15) 39... b3 (39... Ra8 $142 40. Kxf5 Ra2) 40. Rd2 {[#]} (40. Re2 {was the only defense.}) 40... Kb4 $2 (40... Kc5 $1 $19 41. Rd7 Rh8 42. Kxf5 Rxh2) 41. h4 $1 $11 gxh3 (41... c3 {with more complications.} 42. Rd4+ Kc5 43. bxc3 Rb8 44. Rd1 b2) 42. gxh3 Rg8+ 43. Kxf5 Rg1 {aiming for ...Rb1.} 44. h4 Rc1 {Hoping for ...Rc2.} 45. h5 $2 {[%mdl 8192] Black continues to play with concentration.} (45. Rd8 $11) 45... Rc2 $19 46. Rd1 {intending Rb1.} Rxb2 47. Rh1 Ra2 {Black mates.} 48. h6 c3 49. h7 Ra8 50. h8=Q Rxh8 51. Rxh8 {KR-KPP} c2 52. Rb8+ Ka3 53. Ra8+ Kb2 54. Rc8 c1=Q 55. Rxc1 Kxc1 {KP-KP} 56. Ke6 b2 57. f5 b1=Q 58. f6 Qb4 59. Kf7 Qd6 60. Kg7 Qe5 61. Kg6 Kd2 62. f7 Qh8 {Weighted Error Value: White=0.64/Black=0.26} 0-1

[Event "EOC-ch Playoff-A 2021"]
[Site "Online"]
[Date "2021.03.29"]
[Round "4.5"]
[White "Artemiev, Vladislav"]
[Black "Banusz, Tamas"]
[Result "1-0"]
[WhiteElo "2709"]
[BlackElo "2631"]
[Annotator "TA"]
[PlyCount "71"]
[EventDate "2021.03.29"]
[EventType "team-tourn"]
[EventCountry "NET"]
[SourceTitle "playchess.com"]
[Source "ChessBase"]
[SourceQuality "1"]

{[%evp 12,71,0,0,89,89,82,86,97,81,95,93,106,101,87,101,110,110,101,100,99,108,176,178,184,161,218,173,160,124,163,160,252,247,235,248,249,233,484,476,782,779,760,582,557,694,683,680,646,679,643,654,887,897,996,978,1979,1939,1756,1707,1523,1510]} 1. c4 Nf6 2. Nc3 e5 3. Nf3 Nc6 4. d3 Bb4 5. Bd2 O-O 6. g3 Re8 7. Bg2 Nd4 {A28: English Opening: Four Knights Variation.} (7... Bxc3 $11 {keeps the balance.} 8. Bxc3 d5) 8. Nxd4 $1 $16 exd4 9. Nb5 Bxd2+ {White is better.} 10. Qxd2 c5 11. Nd6 {[#]} Re6 $146 ({Predecessor:} 11... Re7 12. Nxb7 Bxb7 13. Bxb7 Rb8 14. Bf3 Qb6 15. Rb1 a5 16. O-O d6 17. b3 h6 {1-0 (36) Eising,J (2315)-Gruen,G Germany 1988}) 12. Nxb7 Bxb7 13. Bxb7 Rb8 14. Bf3 a5 15. b3 Ra6 16. O-O a4 {[#]} (16... Re6 $16 17. Rad1 Qb6) 17. bxa4 $1 $18 Rxa4 18. Rfb1 h6 (18... Ne8 $142 19. Qc2 Rbb4 20. Rxb4 Rxb4) 19. h4 Rb6 20. Qc2 Ra3 21. Rb5 {Hoping for Qb2.} Rxb5 (21... Qc7 $16 {was called for.} 22. Rab1 Rba6) 22. cxb5 Qb6 23. Qb2 Ra4 {[#]} 24. a3 d5 $2 (24... d6 {was worth a try.} 25. Qb3 Ra5) 25. Qb3 {White is clearly winning.} Qa5 (25... Ra5 $142 26. a4 Qd6) 26. b6 c4 27. Qb1 Nd7 28. b7 Nb8 29. dxc4 dxc4 30. Qe4 {Black must now prevent Qe8+.} Qd8 31. Rc1 Kf8 32. Qf5 c3 33. Bd5 {[%csl Gd5][%cal Rf5f7]} Qe7 34. Qc8+ Qe8 35. Bc4 Ra5 36. a4 {[%mdl 64] Decoy, Promotion.  Weighted Error Value: White=0.10/Black=0.45} 1-0

[Event "EOC-ch Playoff-A 2021"]
[Site "Online"]
[Date "2021.03.29"]
[Round "4.6"]
[White "Braun, Arik"]
[Black "Kamsky, Gata"]
[Result "1/2-1/2"]
[WhiteElo "2609"]
[BlackElo "2665"]
[Annotator "TA"]
[PlyCount "71"]
[EventDate "2021.03.29"]
[EventType "team-tourn"]
[EventCountry "NET"]
[SourceTitle "playchess.com"]
[Source "ChessBase"]
[SourceQuality "1"]

{[%evp 15,71,27,20,27,41,24,37,36,47,33,44,45,41,34,56,37,36,31,48,7,22,18,10,5,15,0,7,-10,-9,-6,0,0,0,0,0,0,0,0,0,0,0,0,0,0,13,0,5,0,0,0,8,0,12,0,0,0,11,0]} 1. d4 Nf6 2. c4 e6 3. Nc3 Bb4 4. Qc2 c5 5. dxc5 Nc6 6. Nf3 Bxc5 7. Bf4 O-O 8. e3 b6 9. Be2 {E39: Nimzo-Indian: Classical: 4...c5 5 dxc5 0-0.} Bb7 10. O-O h6 {[#]} 11. Rfd1 $146 {White is slightly better.} ({Predecessor:} 11. Rad1 Qe7 12. a3 a5 13. h3 Rac8 14. Na4 d5 15. cxd5 Nxd5 16. Bg3 Na7 17. Nxc5 Rxc5 {½-½ (32) Cech,P (2315)-Tichy,V (2310) Prague 2002}) 11... Nh5 12. Bd6 Bxd6 13. Rxd6 Qe7 14. Rad1 Rfd8 15. a3 Nf6 16. b4 Rac8 17. Qb3 Ne8 {The position is equal.} 18. R6d2 d6 19. h3 Nf6 20. Qa4 Ne8 21. Nb5 a6 22. Nc3 Nb8 {[%cal Bc6b8,Bb8d7,Bd7e5][%mdl 32]} 23. Qb3 Qc7 24. Na4 Nf6 25. Nd4 Nbd7 26. Rc2 Qb8 27. Nc3 Qa8 28. Bf1 Ne5 29. Na4 Qa7 30. Qb2 Ned7 31. Nb3 Qb8 32. Nd4 Be4 {[#] aiming for ...b5.} 33. Rcc1 Bb7 34. Rc2 Be4 {Threatens to win with ...b5.} 35. Rcc1 Bb7 36. Rc2 {Weighted Error Value: White=0.05/Black=0.02} 1/2-1/2